000 00420pab a2200157 454500
008 180718b2007 xxu||||| |||| 00| 0 eng d
100 _aNaqvi, M.B.
245 _aAppeal to the Indian left from a progressive Pakistan: evolve alternative paradigm of economic growth
260 _c2007
300 _ap.7-10.
362 _a19 May
650 _aEconomic growth
773 _aMainstream
908 _aN
909 _a73973
999 _c73973
_d73973